A-001 千代田区の町名 - Statistics

General Stats
  • This quiz has been taken 24 times
  • The average score is 23 of 59
Answers on the Map
Answers color-coded by a green-red scale on the quiz's map according to % correct below.
 
Answer Stats
Answer % Correct
46.千代田ちよだ
85%
56.丸の内まるのうち
85%
08.霞が関かすみがせき
77%
41.皇居外苑こうきょがいえん
77%
05.内幸町うちさいわいちょう
69%
01.飯田橋いいだばし
62%
06.大手町おおてまち
62%
38.北の丸公園きたのまるこうえん
62%
47.永田町ながたちょう
62%
57.有楽町ゆうらくちょう
62%
37.紀尾井町きおいちょう
54%
39.九段北くだんきた
54%
40.九段南くだんみなみ
54%
49.二番町にばんちょう
54%
53.日比谷公園ひびやこうえん
54%
02.一番町いちばんちょう
46%
03.岩本町いわもとちょう
46%
12.神田岩本町かんだいわもとちょう
46%
13.神田小川町かんだおがわまち
46%
22.神田駿河台かんだするがだい
46%
42.麹町こうじまち
46%
45.外神田そとかんだ
46%
10.神田淡路町かんだあわじちょう
38%
15.神田北乗物町かんだきたのりものちょう
38%
16.神田紺屋町かんだこんやちょう
38%
18.神田佐久間町かんださくまちょう
38%
20.神田神保町かんだじんぼうちょう
38%
21.神田須田町かんだすだちょう
38%
44.三番町さんばんちょう
38%
50.隼町はやぶさちょう
38%
51.東神田ひがしかんだ
38%
52.一ツ橋ひとつばし
38%
55.富士見ふじみ
38%
58.四番町よんばんちょう
38%
59.六番町ろくばんちょう
38%
04.内神田うちかんだ
31%
07.鍛冶町かじちょう
31%
17.神田佐久間河岸かんださくまがし
31%
19.神田猿楽町かんださるがくちょう
31%
26.神田錦町かんだにしきちょう
31%
30.神田東紺屋町かんだひがしこんやちょう
31%
43.五番町ごばんちょう
31%
54.平河町ひらかわちょう
31%
09.神田相生町かんだあいおいちょう
23%
11.神田和泉町かんだいずみちょう
23%
14.神田鍛冶町かんだかじちょう
23%
25.神田富山町かんだとみやまちょう
23%
27.神田西福田町かんだにしふくだちょう
23%
28.神田練塀町かんだねりべいちょう
23%
35.神田三崎町かんだみさきちょう
23%
36.神田美土代町かんだみとしろちょう
23%
48.西神田にしかんだ
23%
23.神田多町かんだたちょう
15%
24.神田司町かんだつかさまち
15%
29.神田花岡町かんだはなおかちょう
15%
31.神田東松下町かんだひがしまつしたちょう
15%
34.神田美倉町かんだみくらちょう
15%
32.神田平河町かんだひらかわちょう
8%
33.神田松永町かんだまつながちょう
8%
No matching quizzes found
Score Distribution
Percent of People with Each Score
Percentile by Number Answered
Your Score History
You have not taken this quiz